| 000 | 01904nam0a2200313 4500 | ||
|---|---|---|---|
| 001 | RU\NLR\bibl\1173168 | ||
| 005 | 20250615090016.0 | ||
| 010 |
_a978-5-94211-316-2 _9200 |
||
| 021 |
_aRU _b2007-79903 _94300 |
||
| 035 | _a(NLR Aleph) 001159840 | ||
| 090 |
_a1530484 _c1530484 |
||
| 100 | _a20071228d2007 |||y0rusy50 ca | ||
| 101 | 0 | _arus | |
| 102 | _aRU | ||
| 105 | _aa ||||||||| | ||
| 200 | 1 |
_aГеодезическая астрономия _eопределения долгот пунктов и азимутов _eучебное пособие _e[для студентов специальности 120101 "Прикладная геодезия"] _fИ.С. Панудил _gФедер. агентство по образованию, Гос. образоват. учреждение высш. проф. образования С.-Петерб. гос. горн. ин-т им. Г.В. Плеханова (техн. ун-т) |
|
| 210 |
_aСанкт-Петербург _cСанкт-Петербургский государственный горный институт _d2007 |
||
| 215 |
_a72, [1] с., [1] л. табл. _cил. _d20 |
||
| 606 | 1 |
_aГеодезическая астрономия _jУчебные издания для высших учебных заведений _91194247 _3RU\NLR\auth\66164610 |
|
| 606 | 1 |
_aДолгота _jУчебные издания для высших учебных заведений _xОпределение _9992677 _3RU\NLR\auth\66375236 |
|
| 606 | 1 |
_aАзимут _jУчебные издания для высших учебных заведений _xОпределение _9948758 _3RU\NLR\auth\6633630 |
|
| 686 | _aД113я73 | ||
| 700 | 1 |
_aПандул _bИ. С. _gИгорь Садукович _4070 |
|
| 801 | 0 |
_aRU _bNLR _c20071228 _gRCR |
|
| 801 | 1 |
_aRU _bNLR _c20071228 |
|
| 830 | _aАвт. по кн. | ||
| 942 | _cBOOK | ||
| 980 | _aNB | ||